000 00294nam a22001337a 4500
008 190304b xxu||||| |||| 00| 0 eng d
020 _a9780132576253
041 _aeng
080 _27th
_a004
100 _a28
101 _aSHK
245 _aStarting out with C++
_cGaddis,T
942 _2udc
_cBK
999 _c54401
_d54401